000 00557nam a2200217Ia 4500
003 OSt
005 20220928151942.0
006 a|||||r|||| 00| 0
007 ta
008 220927b |||||||| |||| 00| 0 eng d
024 _a132355
037 _cTextual
040 _aSDCL
_cSDCL
_beng
041 _2eng
_aeng
082 _aI,116:8:(S:34), N4
100 _aBasra Ed.
_9518548
245 0 _aStress induced gene expression in plants.
260 _c1994
942 _hI,116:8:(S:34), N4
_cTEXL
_2CC
999 _c853463
_d853463